Strategy for sales managers

Bibliographic Details
Main Author: Sun Tzu's
Other Authors: Gagliardi, Gary 1951
Format: Book
Published: Chinese : Clearbridge , 2004
Series:The art of war plus book series
Subjects:

MARC

LEADER 00000cam a2200000 7i4500
001 0000015705
005 20080404.0
008 080404
020 |a 1929194331 
090 0 0 |a 658.8   |b SUN 
100 1 |a Sun Tzu's 
245 1 0 |a Strategy for sales managers   |c Sun Tzu's ; Gary Gagliardi 
260 |a Chinese :   |b Clearbridge ,   |c 2004 
440 |a The art of war plus book series 
650 0 |a Military art and science   |x Early works to 1800 
650 0 |a Sales management 
650 0 |a Sales promotion 
650 0 |a Selling 
700 1 |a Gagliardi, Gary 1951 
999 |a 0001018544   |b Book   |c Adult Collection   |e Perbadanan Perpustakaan Awam Johor 
999 |a 0001018546   |b Book   |c Adult Collection   |e Perbadanan Perpustakaan Awam Johor